Bangladesh income tax : theory and practice [Amended up to the finance act, 2023] /

Detalles Bibliográficos
Autor Principal: Shil, Nikhil Chandra
Outros autores: Masud, Mohammad Zakaria, Alam, Mohammad Faridul
Formato: Libro
Idioma:English
Edición:Sixteenth edition.
Subjects:
Classic Catalogue: View this record in Classic Catalogue
LEADER 02871nam a22003857a 4500
001 42705
003 BD-DhAAL
008 240624t2023 bg a 000 0 eng d
020 |a 9843000009755 
040 |a BD-DhAAL  |c BD-DhAAL 
082 0 0 |a 343.5492052  |2 23 
100 1 |a Shil, Nikhil Chandra.  |9 56565 
245 1 0 |a Bangladesh income tax :  |b theory and practice  |p [Amended up to the finance act, 2023] /  |c Nikhil Chandra Shil, Mohammad Zakaria Masud, Mohammad Faridul Alam. 
246 |a Bangladesh income tax :  |b theory and practice 
246 |a Bangladesh income tax :  |b theory & practice 
250 |a Sixteenth edition. 
264 |a Dhaka :  |b AMS Publications ;  |b Shams Publications,  |c 2023. 
300 |a 813 pages :  |b illustrations ;  |c 24 cm 
526 |a BBS 
541 |e 42705, 42706, 42707, 42708, 42709, 42710, 42711, 42712   |a Hye Trade International 
650 0 |a Income tax  |x Law and legislation  |z Bangladesh.  |9 56591 
650 0 |a Income tax  |z Bangladesh. 
700 1 |a Masud, Mohammad Zakaria.  |9 56566 
700 1 |a Alam, Mohammad Faridul.  |9 56567 
852 4 |a Ayesha Abed Library  |c General Stacks 
942 |2 ddc  |c BK 
999 |c 46736  |d 46736 
952 |0 0  |1 0  |2 ddc  |4 0  |6 343_549205200000000_SHI  |7 0  |9 75663  |a BRACUL  |b BRACUL  |c GEN  |d 2024-06-24  |e Hye Trade International  |g 499.00  |l 2  |m 11  |o 343.5492052 SHI  |p 3010042706  |r 2025-11-09  |s 2025-11-03  |t 2  |v 499.00  |w 2024-06-24  |y BK 
952 |0 0  |1 0  |2 ddc  |4 0  |6 343_549205200000000_SHI  |7 0  |9 75664  |a BRACUL  |b BRACUL  |c GEN  |d 2024-06-24  |e Hye Trade International  |g 499.00  |l 1  |m 14  |o 343.5492052 SHI  |p 3010042708  |r 2025-06-23  |s 2025-02-08  |t 4  |v 499.00  |w 2024-06-24  |y BK 
952 |0 0  |1 0  |2 ddc  |4 0  |6 343_549205200000000_SHI  |7 0  |9 75665  |a BRACUL  |b BRACUL  |c GEN  |d 2024-06-24  |e Hye Trade International  |g 499.00  |l 3  |m 35  |o 343.5492052 SHI  |p 3010042710  |r 2025-10-07  |s 2025-08-27  |t 6  |v 499.00  |w 2024-06-24  |y BK 
952 |0 0  |1 0  |2 ddc  |4 0  |6 343_549205200000000_SHI  |7 0  |9 75666  |a BRACUL  |b BRACUL  |c GEN  |d 2024-06-24  |e Hye Trade International  |g 499.00  |l 3  |m 17  |o 343.5492052 SHI  |p 3010042707  |r 2026-01-17  |s 2026-01-08  |t 3  |v 499.00  |w 2024-06-24  |y BK 
952 |0 0  |1 0  |2 ddc  |4 0  |6 343_549205200000000_SHI  |7 0  |9 75667  |a BRACUL  |b BRACUL  |c GEN  |d 2024-06-24  |e Hye Trade International  |g 499.00  |l 2  |m 18  |o 343.5492052 SHI  |p 3010042705  |r 2025-09-29  |s 2025-08-07  |t 1  |v 499.00  |w 2024-06-24  |y BK 
952 |0 0  |1 0  |2 ddc  |4 0  |6 343_549205200000000_SHI  |7 0  |9 75668  |a BRACUL  |b BRACUL  |c GEN  |d 2024-06-24  |e Hye Trade International  |g 499.00  |l 3  |m 40  |o 343.5492052 SHI  |p 3010042709  |r 2025-12-24  |s 2025-07-16  |t 5  |v 499.00  |w 2024-06-24  |y BK 
952 |0 0  |1 0  |2 ddc  |4 0  |6 343_549205200000000_SHI  |7 0  |9 75669  |a BRACUL  |b BRACUL  |c GEN  |d 2024-06-24  |e Hye Trade International  |g 499.00  |l 7  |m 42  |o 343.5492052 SHI  |p 3010042711  |r 2026-05-19  |s 2026-03-04  |t 7  |v 499.00  |w 2024-06-24  |y BK 
952 |0 0  |1 0  |2 ddc  |4 0  |6 343_549205200000000_SHI  |7 0  |9 75670  |a BRACUL  |b BRACUL  |c GEN  |d 2024-06-24  |e Hye Trade International  |g 499.00  |l 4  |m 35  |o 343.5492052 SHI  |p 3010042712  |r 2026-05-18  |s 2026-05-04  |t 8  |v 499.00  |w 2024-06-24  |y BK